000 00752nam a22001697a 4500
003 UA-OsUOA
001 18192
007 ta
008 20040423b un ||||| |||| 00| 0 ukr d
942 _cSA
040 _aUA-OsUOA
_cUA-OsUOA
_dUA-OsUOA
245 _aВолодар підводного царства
_b[Рівнянин П.Ганський повернувся з Чернігова , де проходив І-й Міжнар. конкурс акваріумістів "Дивосвіт" , організований команією "Агатіс", переможцем]
300 _aС.12
955 _a0
773 0 _w0
_tРівненська газета
_dРівне
_d2004
_g№19/2 квіт./
650 7 _aГанський П.
_2UDC
999 _c304362
_d304362